000 00472nam a22001811a 4500
001 2193
003 OSt
005 20260204211803.0
008 040204s(199||||dr ||||||b||||||||||spa||
050 _aRD 347.05 R299c
082 _aRD 347.05 R299c
111 _aRepública Dominicana
245 _aCódigos de procedimiento criminal de la República Dominicana
264 _aSanto Domingo : S.N
300 _a397 p.
650 _a1.Procedimiento PenalÌ
942 _2ddc
_cBK
999 _c2193
_d2193